<?xml version="1.0" encoding="UTF-8"?>
<collection xmlns="http://www.loc.gov/MARC21/slim">
 <record>
  <leader>01992nam a22002417a 4500</leader>
  <controlfield tag="001">NCT_60553</controlfield>
  <controlfield tag="008">190223b        xxu||||| |||| 00| 0 vie d</controlfield>
  <datafield tag="999" ind1=" " ind2=" ">
   <subfield code="c">2936</subfield>
   <subfield code="d">2936</subfield>
  </datafield>
  <datafield tag="020" ind1=" " ind2=" ">
   <subfield code="c">310000</subfield>
  </datafield>
  <datafield tag="082" ind1="0" ind2="4">
   <subfield code="2">23rd ed.</subfield>
   <subfield code="a">617.51</subfield>
   <subfield code="b">L305</subfield>
  </datafield>
  <datafield tag="100" ind1="1" ind2=" ">
   <subfield code="a">Ngô Ngọc Liễn</subfield>
  </datafield>
  <datafield tag="245" ind1="1" ind2="0">
   <subfield code="a">Từ điển thuật ngữ Tai - Mũi - Họng Pháp - Anh - Việt, Anh - Pháp - Việt, Việt - Anh - Pháp</subfield>
   <subfield code="c">Ngô Ngọc Liễn</subfield>
  </datafield>
  <datafield tag="260" ind1=" " ind2=" ">
   <subfield code="a">H.</subfield>
   <subfield code="b">Y học</subfield>
   <subfield code="c">2009</subfield>
  </datafield>
  <datafield tag="300" ind1=" " ind2=" ">
   <subfield code="a">1193 tr.</subfield>
   <subfield code="c">24cm</subfield>
  </datafield>
  <datafield tag="520" ind1="3" ind2=" ">
   <subfield code="a">Cuốn &quot;Từ điển thuật ngữ Tai Mũi Họng&quot; với 3 phần: Từ điển thuật ngữ giải thích Pháp - Anh - Việt với hơn 6.300 từ, thuật ngữ Tai Mũi Họng và liên quan, trong đó trên 2/3 số từ được giải thích; Từ điển thuật ngữ Anh - Pháp - Việt và Việt - Anh - Pháp nhằm giúp cho dễ dàng tra cứu, đồng thời cũng được sử dụng để ôn, nhớ lại, học thêm các kiến thức cơ bản, thường gặp trong Tai Mũi Họng.</subfield>
  </datafield>
  <datafield tag="653" ind1=" " ind2=" ">
   <subfield code="a">Y Đa khoa</subfield>
  </datafield>
  <datafield tag="942" ind1=" " ind2=" ">
   <subfield code="2">ddc</subfield>
   <subfield code="c">BK</subfield>
  </datafield>
  <datafield tag="952" ind1=" " ind2=" ">
   <subfield code="0">0</subfield>
   <subfield code="1">0</subfield>
   <subfield code="2">ddc</subfield>
   <subfield code="4">0</subfield>
   <subfield code="6">617_510000000000000_L305</subfield>
   <subfield code="7">0</subfield>
   <subfield code="9">15834</subfield>
   <subfield code="a">000001</subfield>
   <subfield code="b">000001</subfield>
   <subfield code="d">2019-02-23</subfield>
   <subfield code="o">617.51 L305</subfield>
   <subfield code="p">MD.14550</subfield>
   <subfield code="r">2019-02-23</subfield>
   <subfield code="v">310000.00</subfield>
   <subfield code="w">2019-02-23</subfield>
   <subfield code="y">BK</subfield>
  </datafield>
  <datafield tag="952" ind1=" " ind2=" ">
   <subfield code="0">0</subfield>
   <subfield code="1">0</subfield>
   <subfield code="2">ddc</subfield>
   <subfield code="4">0</subfield>
   <subfield code="6">617_510000000000000_L305</subfield>
   <subfield code="7">0</subfield>
   <subfield code="9">15835</subfield>
   <subfield code="a">000001</subfield>
   <subfield code="b">000001</subfield>
   <subfield code="d">2019-02-23</subfield>
   <subfield code="o">617.51 L305</subfield>
   <subfield code="p">MD.14551</subfield>
   <subfield code="r">2019-02-23</subfield>
   <subfield code="v">310000.00</subfield>
   <subfield code="w">2019-02-23</subfield>
   <subfield code="y">BK</subfield>
  </datafield>
  <datafield tag="952" ind1=" " ind2=" ">
   <subfield code="0">0</subfield>
   <subfield code="1">0</subfield>
   <subfield code="2">ddc</subfield>
   <subfield code="4">0</subfield>
   <subfield code="6">617_510000000000000_L305</subfield>
   <subfield code="7">0</subfield>
   <subfield code="9">15836</subfield>
   <subfield code="a">000001</subfield>
   <subfield code="b">000001</subfield>
   <subfield code="d">2019-02-23</subfield>
   <subfield code="o">617.51 L305</subfield>
   <subfield code="p">MD.14552</subfield>
   <subfield code="r">2019-02-23</subfield>
   <subfield code="v">310000.00</subfield>
   <subfield code="w">2019-02-23</subfield>
   <subfield code="y">BK</subfield>
  </datafield>
  <datafield tag="952" ind1=" " ind2=" ">
   <subfield code="0">0</subfield>
   <subfield code="1">0</subfield>
   <subfield code="2">ddc</subfield>
   <subfield code="4">0</subfield>
   <subfield code="6">617_510000000000000_L305</subfield>
   <subfield code="7">0</subfield>
   <subfield code="9">15837</subfield>
   <subfield code="a">000001</subfield>
   <subfield code="b">000001</subfield>
   <subfield code="d">2019-02-23</subfield>
   <subfield code="o">617.51 L305</subfield>
   <subfield code="p">MD.14553</subfield>
   <subfield code="r">2019-02-23</subfield>
   <subfield code="v">310000.00</subfield>
   <subfield code="w">2019-02-23</subfield>
   <subfield code="y">BK</subfield>
  </datafield>
  <datafield tag="952" ind1=" " ind2=" ">
   <subfield code="0">0</subfield>
   <subfield code="1">0</subfield>
   <subfield code="2">ddc</subfield>
   <subfield code="4">0</subfield>
   <subfield code="6">617_510000000000000_L305</subfield>
   <subfield code="7">0</subfield>
   <subfield code="9">15838</subfield>
   <subfield code="a">000001</subfield>
   <subfield code="b">000001</subfield>
   <subfield code="d">2019-02-23</subfield>
   <subfield code="o">617.51 L305</subfield>
   <subfield code="p">MD.14554</subfield>
   <subfield code="r">2019-02-23</subfield>
   <subfield code="v">310000.00</subfield>
   <subfield code="w">2019-02-23</subfield>
   <subfield code="y">BK</subfield>
  </datafield>
  <datafield tag="980" ind1=" " ind2=" ">
   <subfield code="a">Thư viện Trường Đại học Nam Cần Thơ</subfield>
  </datafield>
 </record>
</collection>
